[Event "4th Banja Luka it"]
[Site "Banja Luka YUG"]
[Date "1981.04.24"]
[Round "9"]
[White "Hausner, Ivan"]
[Black "Cebalo, Miso"]
[Result "1/2-1/2"]
[WhiteElo "2460"]
[BlackElo "2510"]
[EventDate "1981.04.14"]
[PlyCount "160"]

1.d4 Nf6 2.c4 c5 3.d5 e6 4.Nc3 exd5 5.cxd5 d6 6.g3 g6 7.Bg2 Bg7 8.Nf3 O-O 
9.O-O a6 10.a4 Nbd7 11.Bf4 Qe7 12.h3 Rb8 13.Rb1 Re8 14.Re1 Nh5 15.Bg5 Qf8 
16.e4 b5 17.axb5 axb5 18.g4 Nhf6 19.Nd2 h5 20.Bxf6 Nxf6 21.g5 Nd7 22.f4 c4
23.f5 Be5 24.Nf3 Nc5 25.fxg6 fxg6 26.Rf1 Qg7 27.Nxe5 Qxe5 28.Qf3 Rb7 29.
Qf6 b4 30.Nb5 Qxf6 31.gxf6 Rd8 32.Nd4 Re8 33.Nb5 Rd8 34.Nd4 Kf7 35.Rbc1 c3
36.bxc3 b3 37.e5 dxe5 38.Ne6 Bxe6 39.dxe6+ Kxe6 40.Bxb7 Nxb7 41.Ra1 Nc5 
42.c4 e4 43.Ra5 Nd3 44.Rb5 b2 45.Rb6+ Ke5 46.Rb1 Kd4 47.R1xb2 Nxb2 48.Rxb2
Rf8 49.Rb6 Kxc4 50.Kf2 Kd4 51.Ke2 Ke5 52.Ke3 Rxf6 53.Rb5+ Ke6 54.Rb6+ Kf7 
55.Rb7+ Kg8 56.Kxe4 Rf1 57.Ra7 Rh1 58.Ra3 Kg7 59.Kf4 Rg1 60.Kf3 Kh6 61.Kf2
Rg5 62.Ra7 h4 63.Ra3 Kh5 64.Rb3 Rd5 65.Rb2 Kg5 66.Kg2 Kf5 67.Kf3 Rd3+ 68.
Kg2 Rg3+ 69.Kh2 Re3 70.Kg2 g5 71.Rf2+ Ke4 72.Ra2 Rg3+ 73.Kh2 Rd3 74.Kg2 
Ke3 75.Rf2 Rd5 76.Rf3+ Ke4 77.Rf2 Rd4 78.Re2+ Kf4 79.Rf2+ Ke3 80.Ra2 Rc4 
1/2-1/2

[Event "4th Banja Luka it"]
[Site "Banja Luka YUG"]
[Date "1981.04.24"]
[Round "9"]
[White "Tseshkovsky, Vitaly"]
[Black "Mihaljcisin, Mihajlo"]
[Result "1-0"]
[WhiteElo "2530"]
[BlackElo "2325"]
[EventDate "1981.04.14"]
[PlyCount "93"]

1.e4 c5 2.Nf3 Nc6 3.d4 cxd4 4.Nxd4 Nf6 5.Nc3 d6 6.Bg5 e6 7.Qd2 Be7 8.O-O-O
O-O 9.f4 h6 10.Bh4 Bd7 11.Nf3 Qa5 12.Kb1 Rfc8 13.Qe1 Be8 14.Bd3 Nb4 15.a3 
Nxd3 16.Rxd3 Qc7 17.Nd4 b5 18.e5 dxe5 19.fxe5 Nh7 20.Bxe7 Qxe7 21.Ndxb5 
Bxb5 22.Nxb5 Qc5 23.Nd4 Nf8 24.Qe4 Ng6 25.Re1 Ne7 26.Ree3 Nf5 27.Nxf5 exf5
28.Qa4 f4 29.Re2 Qg1+ 30.Ka2 Qxh2 31.Rh3 Qg1 32.Qxf4 Qc5 33.Qe4 Rab8 34.
Rd3 Rb6 35.Rd5 Qe7 36.Qd3 Rbc6 37.Rd7 Qe6+ 38.Kb1 a6 39.Rd6 Qe7 40.Qf5 
R8c7 41.Red2 g6 42.Qf3 Rc5 43.e6 a5 44.exf7+ Qxf7 45.Rf6 Qg7 46.Rd8+ Kh7 
47.Rdf8 1-0

[Event "4th Banja Luka it"]
[Site "Banja Luka YUG"]
[Date "1981.04.24"]
[Round "9"]
[White "Vukic, Milan"]
[Black "Sax, Gyula"]
[Result "1-0"]
[WhiteElo "2505"]
[BlackElo "2560"]
[EventDate "1981.04.14"]
[PlyCount "63"]

1.d4 Nf6 2.c4 e6 3.Nf3 d5 4.g3 dxc4 5.Bg2 c5 6.O-O Nc6 7.Ne5 Bd7 8.Nxc6 
Bxc6 9.Bxc6+ bxc6 10.Qa4 cxd4 11.Qxc6+ Nd7 12.Qxc4 Bc5 13.b4 Bb6 14.a4 O-O
15.Bb2 e5 16.Nd2 a5 17.b5 Rc8 18.Qd3 Nc5 19.Qc4 d3 20.Ba3 Re8 21.Ne4 Nxe4 
22.Qxe4 d2 23.Rfd1 Bd4 24.Rab1 Bb6 25.Rb3 f5 26.Qxf5 e4 27.e3 Rc2 28.Kg2 
Qc7 29.Rb2 Rc3 30.Rbxd2 Rxa3 31.Rd7 Qe5 32.Qf7+ 1-0

[Event "4th Banja Luka it"]
[Site "Banja Luka YUG"]
[Date "1981.04.25"]
[Round "10"]
[White "Filipovic, Branko"]
[Black "Sax, Gyula"]
[Result "0-1"]
[WhiteElo "2215"]
[BlackElo "2560"]
[EventDate "1981.04.14"]
[PlyCount "78"]

1.e4 c5 2.Nf3 e6 3.d4 cxd4 4.Nxd4 a6 5.Nc3 Qc7 6.Be2 b5 7.Bf3 Bb7 8.O-O 
Nc6 9.Re1 Ne5 10.Bh5 Nf6 11.Bf4 Bb4 12.Nf3 d6 13.Bxe5 dxe5 14.Ng5 O-O 15.
a3 Bxc3 16.bxc3 g6 17.Bf3 h6 18.Nh3 Qxc3 19.Qc1 Kg7 20.Re3 Qc4 21.Qb2 Qd4 
22.c3 Qc4 23.Be2 Qc5 24.a4 Bc6 25.axb5 axb5 26.Re1 Ra4 27.Bd3 Ng4 28.Rg3 
f5 29.Bc2 Rc4 30.Re2 Rd8 31.Qa1 Ra8 32.Qe1 Ra2 33.exf5 exf5 34.Kh1 b4 35.
cxb4 Qxb4 36.Bb3 Rxe2 37.Qxe2 Rc1+ 38.Ng1 Qe4 39.Qd2 Qb1 0-1

[Event "4th Banja Luka it"]
[Site "Banja Luka YUG"]
[Date "1981.04.25"]
[Round "10"]
[White "Mihaljcisin, Mihajlo"]
[Black "Lakic, Nikola"]
[Result "1/2-1/2"]
[WhiteElo "2325"]
[BlackElo "2355"]
[EventDate "1981.04.14"]
[PlyCount "32"]

1.e4 e5 2.Nf3 Nc6 3.Bb5 a6 4.Ba4 Nf6 5.O-O Be7 6.Re1 b5 7.Bb3 d6 8.c3 O-O 
9.h3 Na5 10.Bc2 c5 11.d4 Qc7 12.Nbd2 Nc6 13.dxe5 dxe5 14.Nf1 Be6 15.Ng5 
Rad8 16.Qe2 Bc8 1/2-1/2

[Event "4th Banja Luka it"]
[Site "Banja Luka YUG"]
[Date "1981.04.25"]
[Round "10"]
[White "Cebalo, Miso"]
[Black "Tseshkovsky, Vitaly"]
[Result "0-1"]
[WhiteElo "2510"]
[BlackElo "2530"]
[EventDate "1981.04.14"]
[PlyCount "94"]

1.c4 Nf6 2.Nc3 d5 3.cxd5 Nxd5 4.Nf3 g6 5.e4 Nxc3 6.bxc3 Bg7 7.d4 c5 8.Be3 
Qa5 9.Qd2 O-O 10.Rc1 Bg4 11.d5 Nd7 12.c4 Qb6 13.Be2 Qb4 14.h3 Bxf3 15.Bxf3
a6 16.Be2 Qxd2+ 17.Kxd2 b5 18.cxb5 axb5 19.Bxb5 Rxa2+ 20.Rc2 Rxc2+ 21.Kxc2
Nf6 22.Kd3 Rb8 23.Bc4 Nd7 24.f4 h5 25.h4 Rb4 26.Rc1 Kf8 27.Rc2 f5 28.exf5 
gxf5 29.Bd2 Rb8 30.Be3 Rd8 31.g3 Nf6 32.Bxc5 Nxd5 33.Ke2 Nc3+ 34.Kf3 Rc8 
35.Rb2 Bf6 36.Bxe7+ Bxe7 37.Bd3 Rc5 38.Rb3 Kf7 39.Rb6 Bf6 40.Rb8 Kg6 41.
Rb4 Ra5 42.Rb7 Ra3 43.Rd7 Ne4 44.Rd5 Be7 45.Kg2 Ra2+ 46.Kf3 Bc5 47.Be2 
Rxe2 0-1

[Event "4th Banja Luka it"]
[Site "Banja Luka YUG"]
[Date "1981.04.27"]
[Round "11"]
[White "Hausner, Ivan"]
[Black "Filipovic, Branko"]
[Result "1-0"]
[WhiteElo "2460"]
[BlackElo "2215"]
[EventDate "1981.04.14"]
[PlyCount "71"]

1.d4 Nf6 2.c4 g6 3.Nc3 d5 4.cxd5 Nxd5 5.g3 Nxc3 6.bxc3 Bg7 7.Bg2 c5 8.e3 
O-O 9.Ne2 Qc7 10.O-O Nc6 11.Ba3 b6 12.dxc5 Bg4 13.h3 Rfd8 14.Qc2 Bf5 15.e4
Bd7 16.Rfd1 bxc5 17.Bxc5 Qa5 18.Be3 Ne5 19.Rd5 Bb5 20.Nd4 Rxd5 21.exd5 Ba4
22.Nb3 Qb5 23.Bd4 Rc8 24.Re1 Nd3 25.Rxe7 Bxd4 26.Nxd4 Qc5 27.Qe2 Rb8 28.
Re3 Rb1+ 29.Kh2 Nc1 30.Qd2 Qb6 31.Nc6 Ra1 32.Re1 Rxa2 33.Qxc1 Qxf2 34.Rg1 
Bb3 35.Qf4 Qc5 36.Qb8+ 1-0

[Event "4th Banja Luka it"]
[Site "Banja Luka YUG"]
[Date "1981.04.27"]
[Round "11"]
[White "Tseshkovsky, Vitaly"]
[Black "Bukic, Enver"]
[Result "1-0"]
[WhiteElo "2530"]
[BlackElo "2480"]
[EventDate "1981.04.14"]
[PlyCount "79"]

1.e4 c5 2.Nf3 d6 3.d4 cxd4 4.Nxd4 Nf6 5.Nc3 a6 6.Be3 e5 7.Nb3 Be6 8.Qd2 
Nbd7 9.f3 b5 10.a4 b4 11.Nd5 Bxd5 12.exd5 Nb6 13.Bxb6 Qxb6 14.a5 Qb7 15.
Bc4 Be7 16.Ra4 Rb8 17.Nc1 O-O 18.Na2 Bd8 19.Nxb4 Bxa5 20.Rxa5 Qxb4 21.Qxb4
Rxb4 22.b3 Rb6 23.Kd2 Ra8 24.Rha1 Kf8 25.c3 Ke7 26.b4 Kd8 27.Bxa6 Kc7 28.
Bd3 Rxa5 29.Rxa5 g6 30.Kc2 Rb7 31.Kb3 Kb6 32.Ra6+ Kc7 33.Ra8 Nd7 34.Ba6 
Nc5+ 35.Kc4 Nxa6 36.Rxa6 Kd7 37.b5 Rc7+ 38.Kb4 f5 39.b6 Rb7 40.Kb5 1-0

[Event "4th Banja Luka it"]
[Site "Banja Luka YUG"]
[Date "1981.04.27"]
[Round "11"]
[White "Lakic, Nikola"]
[Black "Cebalo, Miso"]
[Result "0-1"]
[WhiteElo "2355"]
[BlackElo "2510"]
[EventDate "1981.04.14"]
[PlyCount "83"]

1.d4 Nf6 2.c4 e6 3.Nf3 c5 4.d5 exd5 5.cxd5 d6 6.Nc3 g6 7.e4 Bg7 8.Be2 O-O 
9.O-O Bg4 10.Bf4 a6 11.a4 Qe7 12.Nd2 Bxe2 13.Qxe2 Nh5 14.Be3 Nd7 15.g4 
Nhf6 16.h3 Ne8 17.a5 Nc7 18.Ra4 b5 19.axb6 Nxb6 20.Ra2 Rae8 21.g5 Nd7 22.
Nc4 f5 23.gxf6 Bxf6 24.f3 Ne5 25.Nd1 Nxc4 26.Qxc4 Be5 27.b4 cxb4 28.f4 Bg7
29.e5 Rf5 30.Bb6 Na8 31.Be3 dxe5 32.d6+ Qf7 33.Qxf7+ Rxf7 34.fxe5 Bxe5 35.
Rxf7 Kxf7 36.Rxa6 Ke6 37.Bc5 b3 38.Ba3 Rb8 39.Bb2 Bxd6 40.Kf1 Nc7 41.Ra7 
Rb5 42.Nf2 0-1

[Event "4th Banja Luka it"]
[Site "Banja Luka YUG"]
[Date "1981.04.27"]
[Round "11"]
[White "Vukic, Milan"]
[Black "Farago, Ivan"]
[Result "1/2-1/2"]
[WhiteElo "2505"]
[BlackElo "2535"]
[EventDate "1981.04.14"]
[PlyCount "65"]

1.d4 Nf6 2.c4 e6 3.Nf3 b6 4.g3 Bb7 5.Bg2 Be7 6.O-O O-O 7.Nc3 Ne4 8.Bd2 d5 
9.cxd5 exd5 10.Rc1 Nd7 11.Qb3 Ndf6 12.Bf4 c5 13.dxc5 Bxc5 14.Na4 Ba6 15.
Nxc5 bxc5 16.Qc2 Re8 17.Ng5 Nxg5 18.Bxg5 Rxe2 19.Qxc5 Rxb2 20.Bxf6 Qxf6 
21.Rfe1 g6 22.Bxd5 Bb7 23.Bxb7 Rxb7 24.Qd5 Rab8 25.Rc6 Qd8 26.Rd6 Qc7 27.
Rd1 Rb1 28.Rd7 Rxd1+ 29.Qxd1 Qa5 30.Qd6 Re8 31.Qd4 Qxa2 32.Rxa7 Qe6 33.Ra1
1/2-1/2